000 00690nam a2200241 i 4500
001 C2-0167999
003 PPAK
005 20210616183331.0
008 980714s1988 xx a|||| ||||| | eng d
020 _a0943574528
040 _aPPAK
_beng
_cPPAK
_erda
082 0 4 _a746.9709797
_223
090 0 0 _a746.9709797
_bTWE
_dR
100 1 _aTwelker, Nancyann Johanson,
_eauthor
245 1 0 _aWomen and their quilts
264 1 _a[place of publication not identified] :
_b[publisher not identified] ,
_c1988
300 _a126 pages :
_billustrations
336 _2rdacontent
_atext
337 _2rdamedia
_aunmediated
338 _2rdacarrier
_avolume
650 1 0 _aQuilts
942 _cB
_2ddc
999 _c49752
_d49752